000 01005nam a2200253Ia 4500
003 OSt
005 20220923212241.0
006 a|||||r|||| 00| 0
007 ta
008 220922b |||||||| |||| 00| 0 hin d
024 _a151,820
037 _cTextual
040 _aARTS
_cARTS
_bhin
041 _2hin
_ahin
082 _aO31,1:g(P:75), 152L7
100 _aपालीवाल, कृष्ण दत्त; पालीवाल, रीता रानी
_9162324
245 0 _aयूनानी और रोमी काव्य शास्त्र
246 _aYūnānī aur romī kāvya shāstra
260 _aदिल्ली
_b सन्मार्ग प्रकाशन
_c1977
300 _a20`1 पृ.
_ccm.
650 _aहिन्दी साहित्य
_9156264
942 _hO31,1:g(P:75), 152L7
_cTEXL
_2CC
999 _c307493
_d307493